000 007630000a22002410004500
003 LK-CoMWRAF
005 20231020125552.0
008 230817t1993 ||||| |||| 00| 0 eng d
020 _a0803938845
040 _aLK-CoMWRAF
_dLK-CoMWRAF
_eLK-CoMWRAF
041 _aeng
082 _a362.3
_bBRO
100 _aBrower, Aron M.
245 _aSocial cognition and individual change:
_bcurrent theory and counseling guidelines
260 _aNew Delhi:
_bSage publications,
_c1993
300 _axv, 291 p. ; 23 cm.
_bBibliography and index included
490 _aSage sourcebooks for the human services
_v26
650 _aCOUNSELING
650 _aSocial perception
650 _aSocial service -Psychological aspects
700 _aNurius, Paula S.
942 _cBK
999 _c1237
_d1237